| 000 | 00958cam a22003137a 4500 | ||
|---|---|---|---|
| 003 | CHAP | ||
| 005 | 20220329142621.0 | ||
| 008 | 020502d1999 mx r 00110 spa d | ||
| 010 | _a85688 | ||
| 011 | _a86660 | ||
| 020 | _a8448125002 | ||
| 035 | _a97199 | ||
| 040 | _cCHAP | ||
| 082 | 0 | 4 |
_a657.3 _bA5 |
| 100 | 0 | 0 |
_aÁlvarez Melcón, Sisxto. _982413 |
| 245 | 1 | 0 |
_aConsolidación de estados financieros _c/por Sixto Álvarez Melcón |
| 250 | _a2 ed. | ||
| 260 |
_aMadrid, Esp. : _bMcGraw Hill-Interamericana, _c1999. |
||
| 300 | _a448 p. | ||
| 590 |
_aBATCH-UPD _b10 _c20130110 _lUCH01 _h0827 |
||
| 590 |
_aBATCH-UPD _b10 _c20130410 _lUCH01 _h0505 |
||
| 590 |
_aBATCH-UPD _b10 _c20130914 _lUCH01 _h1328 |
||
| 590 |
_aCONVERSION _b10 _c20130109 _lUCH01 _h1348 |
||
| 650 | 1 | 4 |
_aEstados financieros. _938269 |
| 901 | _aBK | ||
| 905 | _aMayto Villalobos S. | ||
| 942 | _cLIBRO | ||
| 949 |
_a657.3 A5 _bBC _cLIBRO _d33724000851424 _eLIBRO _h102393 _i97199 _si _t$377.00 |
||
| 999 |
_c85688 _d85688 |
||